Armonía entre hombre y mujer: un largo camino

Gespeichert in:
Bibliographische Detailangaben
1. Verfasser: Vandini Santunioni, Anna (VerfasserIn)
Format: Buch
Sprache:Spanisch
Veröffentlicht: Antofagasta Universidad Católica del Norte 2005
Ausgabe:1a. ed
Schlagworte:
Tags: Tag hinzufügen
Keine Tags, Fügen Sie den ersten Tag hinzu!

MARC

LEADER 00000cam a2200000 a 4500
001 UCB0094
003 CL-VaPUC
005 20210505163310.0
008 191206e20050000cl spa d
020 |a 9562872068 
082 0 4 |a 158.1  |b VAN  |2 21 
100 1 |a Vandini Santunioni, Anna  |e author  |9 605402 
245 1 0 |a Armonía entre hombre y mujer: un largo camino 
250 |a 1a. ed 
260 |a Antofagasta  |b Universidad Católica del Norte  |c 2005 
300 |a 233 p 
583 |a last modification  |c 20191206 10:52:00  |k Rodrigo Vera 
650 0 0 |a Conducta de vida   |9 255100 
650 0 7 |a RELACION DE PAREJA  |2 CL-VaPUC  |9 363459 
650 0 0 |a Igualdad  |9 258477 
942 |c BK 
945 |a dcastane  |d 20191206 10:52:00 
999 |c 376316  |d 376314 
952 |0 0  |1 0  |3 erb  |4 0  |6 158_100000000000000_VAN_2005  |7 0  |8 A  |9 495693  |a BIBTEO  |b BIBTEO  |i 5607345  |o 158.1 VAN 2005  |p 5607345  |r 2025-01-17  |w 2020-01-06  |y BK  |z Catalogado en:20191206  |k ICR